| 000 | 01109nam a2200277 a 4500 | ||
|---|---|---|---|
| 999 |
_c327 _d327 |
||
| 003 | AR-BaISA | ||
| 005 | 20190219101415.0 | ||
| 007 | ta | ||
| 008 | 180807s1998 sp ad||| |||| 00| 0 spa d | ||
| 020 | _a8481743166 (Volumen I) | ||
| 040 | _cAR-BaISA | ||
| 082 | 0 | 4 |
_222 _a618.920 023 1 L942 |
| 100 | 1 | 0 |
_9804 _aLowdermilk, Deitra Leonard _eaut. |
| 245 | 1 | 0 |
_aEnfermería maternoinfantil / _cDeitra Leonard Lowdermilk, Shannon E. Perry e Irene M. Bobak |
| 250 | _a6ª ed. | ||
| 260 |
_aMadrid: _bHarcourt, _c1998 |
||
| 300 |
_a2 v. XXV, [1390] p.: _bil., graf. |
||
| 504 | _aBibliografía al final de cada capítulo | ||
| 505 |
_tTOMO I: _tFundamentos -- _tEmbarazo normal -- _tParto normal -- _tPostparto normal -- _tEl recién nacido -- _tTOMO II: _tComplicaciones del embarazo -- _tComplicaciones del recién nacido -- _tSalud de la mujer |
||
| 650 | 1 | 4 |
_9660 _aEnfermería maternoinfantil |
| 650 | 1 | 4 |
_9805 _aAtención a la salud de la mujer _xenfermería |
| 650 | 1 | 4 |
_941 _aCuidados de enfermería |
| 700 | 1 |
_9806 _aPerry, Shannon E. _eaut. |
|
| 700 | 1 |
_9807 _aBobak, Irene M. _eaut. |
|
| 942 |
_2ddc _cLI |
||